00616nam a22001817a 450000500170000001000150001702000260003203500140005803700130007208200080008510000270009324500440012026001050016427000970026930000200036694200290038699900190041520250507123633.0 aENG-144787 a9789391517069c100.00 aEN-128319 bDBAD/PUB a887 aKarthikeya,Raja981056 aThe Catapult Of Time/ cRaja Karthikeya aHyderabadbEMESCO BOOKS PVT. LTD. 1-2-7, Banoo Colony, Gagan Mahal Road, Domalguda ,cDecember, 2022 a1-2-7, Banoo Colony, Gagan Mahal Road, Domalguda ,bHyderabade500029memescobooks@yahoo.com a135p.c22cm(pb) 2ddccENh887mkareFirst c211179d211179